The Talking Thrush, and Other Tales from India (Record no. 259890)
[ view plain ]
| 000 -LEADER | |
|---|---|
| fixed length control field | 01855cam a22002533a 4500 |
| 001 - CONTROL NUMBER | |
| control field | 30635 |
| 003 - CONTROL NUMBER IDENTIFIER | |
| control field | PGUSA |
| 005 - DATE AND TIME OF LATEST TRANSACTION | |
| control field | 20140828083649.0 |
| 008 - FIXED-LENGTH DATA ELEMENTS--GENERAL INFORMATION | |
| fixed length control field | 091209s2009||||xxu|||||s|||||000 | eng d |
| 040 ## - CATALOGING SOURCE | |
| Original cataloging agency | PGUSA |
| Language of cataloging | eng |
| 042 ## - AUTHENTICATION CODE | |
| Authentication code | dc |
| 050 #4 - LIBRARY OF CONGRESS CALL NUMBER | |
| Classification number | PZ |
| 100 1# - MAIN ENTRY--PERSONAL NAME | |
| Personal name | Crooke, William, |
| Dates associated with a name | 1848-1923 |
| 245 14 - TITLE STATEMENT | |
| Title | The Talking Thrush, and Other Tales from India |
| Medium | [electronic resource] / |
| Statement of responsibility, etc | William Crooke |
| 260 ## - PUBLICATION, DISTRIBUTION, ETC. (IMPRINT) | |
| Name of publisher, distributor, etc | Project Gutenberg, |
| Date of publication, distribution, etc | 2009 |
| 505 0# - FORMATTED CONTENTS NOTE | |
| Formatted contents note | The talking thrush -- The rabbit and the monkey -- The sparrow's revenge -- The judgment of the jackal -- How the mouse got into his hole -- King Solomon and the owl -- The camel's neck -- The quail and the fowler -- The king of the kites -- The jackal and the camel -- The old shepherd -- Beware of bad company -- The foolish wolf -- Reflected glory -- The cat and the sparrows -- The foolish fish -- The clever goat -- A crow is a crow for ever -- The grateful goat -- The cunning jackal; or, the biter bit -- The farmer's ass -- The parrot judge -- The frog and the snake -- Little Miss Mouse and her friends -- The jackal that lost his tail -- The wily tortoise -- The king of the mice -- The valiant blackbird -- The goat and the hog -- The parrot and the parson -- The lion and the hare -- The monkey's bargains -- The monkey's rebuke -- The bull and the bullfinch -- The swan and the crow -- Pride shall have a fall -- The kid and the tiger -- The stag, the crow and the jackal -- The monkey and the crows -- The swan and the paddy-bird -- What is a man? -- The wound and the scar -- The cat and the parrot -- Notes. |
| 506 ## - RESTRICTIONS ON ACCESS NOTE | |
| Terms governing access | Public domain in the USA. |
| 516 ## - TYPE OF COMPUTER FILE OR DATA NOTE | |
| Type of computer file or data note | Electronic text |
| 653 ## - INDEX TERM--UNCONTROLLED | |
| Uncontrolled term | Folklore -- India |
| 700 1# - ADDED ENTRY--PERSONAL NAME | |
| Personal name | Robinson, W. Heath |
| Fuller form of name | (William Heath), |
| Dates associated with a name | 1872-1944 |
| 830 #0 - SERIES ADDED ENTRY--UNIFORM TITLE | |
| Uniform title | Project Gutenberg |
| Volume number/sequential designation | 30635 |
| 856 40 - ELECTRONIC LOCATION AND ACCESS | |
| Uniform Resource Identifier | <a href="http://www.gutenberg.org/ebooks/30635">http://www.gutenberg.org/ebooks/30635</a> |
| 942 ## - ADDED ENTRY ELEMENTS (KOHA) | |
| Koha item type | eBooks |
| Withdrawn status | Lost status | Damaged status | Home library | Current library | Date acquired | Total Checkouts | Date last seen | Price effective from | Koha item type |
|---|---|---|---|---|---|---|---|---|---|
| Project Gutenberg | Project Gutenberg | 08/28/2014 | 08/28/2014 | 08/28/2014 | eBooks |